000 00685nam a2200241Ia 4500
003 OSt
005 20221007074204.0
006 a|||||r|||| 00| 0
007 ta
008 221006b |||||||| |||| 00| 0 eng d
024 _a8,674
037 _cTextual
040 _aFLL
_cFLL
_beng
041 _2eng
_aeng
082 _aZ2:5y7zN75N65, L6
100 _aSharma D.K. Au.
_9692668
245 0 _aSupreme court criminal digest
260 _aMeerut
_bCriminal appeals reporter U.P.
_c1976
300 _a360p
_ccm.
700 _a Bhatnagar J.P. Au.
942 _hZ2:5y7zN75N65, L6
_cTEXL
_2CC
999 _c1151480
_d1151480